| 000 | 00671nam a2200241 a 4500 | ||
|---|---|---|---|
| 008 | |||
| 020 | _a0443010137 (pbk.) | ||
| 049 | _aMAIN | ||
| 090 |
_aQR75 _bGIL |
||
| 100 | 1 | _aGillies, R.R. | |
| 245 | 1 | 0 |
_aBacteriology illustrated / _cR.R. Gillies and T.C. Dodds. |
| 250 | _a3rd ed. | ||
| 260 |
_aEdinburgh : _bChurchill Livingstone, _c1973. |
||
| 300 |
_axii, 244 p. : _bill. (some col.) ; _c26 cm. |
||
| 500 | _aIncludes index. | ||
| 650 | 1 | _aBacteriology. | |
| 700 | _aDodds, T.C. | ||
| 907 |
_a.b10271211 _b03-09-15 _c06-11-09 |
||
| 003 | |||
| 005 | 20230120204024.0 | ||
| 040 | _cNUST | ||
| 942 |
_cBOOKS _kQR75 _mGIL |
||
| 999 |
_c115717 _d115717 |
||